Statystyki dla Najbezpieczniejsze miasta na świecie

Kliknij tutaj aby rozwiązać quiz!

Ogólne statystyki

  • Ten quiz został rozwiązany 67 razy
  • Średni wynik to 8 z 10

Statystyki odpowiedzi

#MiastoKrajwskaźnik bezpieczeństwa% Poprawnych
1KopenhagaDania82.4
97%
5TokioJaponia80.0
95%
6AmsterdamHolandia79.3
93%
4SydneyAustralia80.1
93%
10SztokholmSzwecja78.0
92%
7WellingtonNowa Zelandia79.0
68%
2TorontoKanada82.2
67%
3SingapurSingapur80.7
57%
9MelbourneAustralia78.6
53%
8Hong KongChiny78.6
50%

Rozkład punktacji

Percentyl według liczby udzielonych odpowiedzi

Procent ludzi z każdym wynikiem

Twoja historia wyników

Nie rozwiązałeś tego quizu